Detalles MARC
| 000 -LÍDER |
| Campo fijo de descripción fija |
01435nam a2200385 4500 |
| 001 - NÚMERO DE CONTROL |
| Campo de control |
a5676547 |
| 003 - IDENTIFICADOR DEL NÚMERO DE CONTROL |
| Campo de control |
SpMaBN |
| 005 - FECHA Y HORA DE LA ULTIMA TRANSACCIÓN |
| control field |
20170808083019.0 |
| 008 - ELEMENTOS DE LONGITUD FIJA -- INFORMACIÓN GENERAL |
| Campo fijo de descripción fija -- Información general |
150817s2015 sp | |||| 000 f spa |
| 017 ## - COPYRIGHT OR LEGAL DEPOSIT NUMBER |
| Copyright or legal deposit number |
S 203-2015 |
| Assigning agency |
Oficina Depósito Legal Salamanca |
| 020 ## - NÚMERO INTERNACIONAL NORMALIZADO PARA LIBROS |
| Número Internacional Normalizado del libro |
9788430119059 |
| 040 ## - FUENTE DE CATALOGACIÓN |
| Agencia de catalogación original |
SpMaBN |
| Idioma de catalogación |
spa |
| Agencia que realiza la transcripción |
CO-MdFUSB |
| Convenciones de la descripción |
rdc |
| Agencia que realiza la modificación |
CO-MdFUSBC |
| 041 1# - CÓDIGO DE IDIOMA |
| Código de idioma para texto/pista de sonido o título separado |
spa |
| 080 ## - UNIVERSAL DECIMAL CLASSIFICATION NUMBER |
| Universal Decimal Classification number |
821.131.1-31"19" |
| 082 ## - NÚMERO DE CLASIFICACIÓN DECIMAL DEWEY |
| Número de la edición del Dewey |
24 |
| Número de clasificación |
G 221.92 |
| Clave de autor-Numero de item |
D366s |
| 100 1# - ASIENTO PRINCIPAL--NOMBRE PERSONAL |
| Nombre personal |
De Luca, Erri, |
| Fechas asociadas con el nombre |
1950- |
| Término relacionador |
autor |
| 240 13 - TITULO UNIFORME |
| Título uniforme |
<a href="Le sante dello scandalo">Le sante dello scandalo</a> |
| 245 #4 - TÍTULO |
| Título del Material |
Las santas del escándalo |
| Mención de responsabilidad, etc. |
Erri de Luca ; traducción de Luis Rubio Morán |
| 264 #1 - PRODUCCIÓN, PUBLICACIÓN, DISTRIBUCIÓN, MANUFACTURA, Y COPYRIGHT |
| Lugar de producción, publicación, distribución, manufactura |
Salamanca : |
| Nombre del productor, publicador, distribuidor |
Sígueme, |
| Fecha de producción, publicación, distribución, manufactura, o copyright |
℗[2015] |
| 264 #1 - PRODUCCIÓN, PUBLICACIÓN, DISTRIBUCIÓN, MANUFACTURA, Y COPYRIGHT |
| Fecha de producción, publicación, distribución, manufactura, o copyright |
©2011, 2015 |
| 300 ## - DESCRIPCIÓN FÍSICA |
| Extensión |
85 p. |
| Dimensiones |
19 cm |
| 336 ## - TIPO DE CONTENIDO |
| Término de tipo de contenido |
|
| Fuente |
rdacontent |
| Código de tipo de contenido |
|
| 337 ## - TIPO DE MEDIO |
| Nombre del tipo de medio |
|
| Fuente |
rdamedia |
| Código del tipo de medio |
|
| 338 ## - TIPO DE SOPORTE |
| Fuente |
rdacarrier |
| Nombre del tipo de soporte |
|
| Código Tipo de soporte |
|
| 490 0# - MENCIÓN DE SERIE |
| Mención de serie |
El peso de los días |
| 505 ## - NOTA DE CONTENIDO |
| Nota de contenido con formato preestablecido |
División de funciones -- Las santas del escándalo -- La belleza -- Tamar -- Rajab (Del libro de Josué/Yehoshuá) -- Rut -- Bat Sheva/Betsabé -- Miriam/María -- Días de viento (Diálogo entre Miriam y su madre) -- Navidad -- Tú mujer -- Despedida (Epílogo) |
| 534 ## - NOTA DE VERSION ORIGINAL |
| Publicación, distribución, etc. del original |
Le sante dello scandalo |
| Frase introductoria |
Título original en italiano |
| 563 ## - NOTA DE ENCUADERNACIÓN |
| Nota de encuadernación |
rústico |
| 650 #0 - ASIENTO SECUNDARIO DE MATERIA - TERMINO TEMÁTICO |
| 9 (RLIN) |
408 |
| Término temático o nombre geográfico como elemento de entrada |
Biblia |
| Subdivisión general |
Biografía |
| 650 #7 - ASIENTO SECUNDARIO DE MATERIA - TERMINO TEMÁTICO |
| 9 (RLIN) |
327 |
| Término temático o nombre geográfico como elemento de entrada |
Mujeres en la Biblia |
| 700 ## - ASIENTO SECUNDARIO - NOMBRE PERSONAL |
| Nombre personal |
Rubio Morán, Luis |
| Fechas asociadas con el nombre |
1936- |
| Responsabilidad |
traductor |
| 9 (RLIN) |
795 |
| 942 ## - TIPO DE MATERIAL (KOHA) |
| Tipo de Item KOHA |
Libros General |